RC Celta de Vigo Squad 2015-2016 - Statistics

General Stats
  • This quiz has been taken 30 times
  • The average score is 18 of 23
Answer Stats
# Position Nation Player % Correct
2 DF Spain Hugo Mallo
100%
9 FW Spain Iago Aspas
100%
11 FW Sweden John Guidetti
100%
13 GK Spain Rubén Blanco
100%
18 MF Denmark Daniel Wass
94%
8 MF Chile Pablo Hernández
94%
- Coach Argentina Eduardo Berizzo
89%
14 FW Chile Fabián Orellana
89%
1 GK Spain Sergio Álvarez
89%
3 DF Spain Andreu Fontàs
83%
22 DF Argentina Gustavo Cabral
83%
10 FW Spain Nolito
83%
7 FW Belgium Théo Bongonda
83%
12 FW France Claudio Beauvue
78%
24 MF Argentina Augusto Fernández
72%
6 MF Serbia Nemanja Radoja
72%
21 DF Spain Carles Planas
67%
19 DF Spain Jonny Otto
67%
5 MF Chile Marcelo Díaz
67%
20 DF Spain Sergi Gómez
61%
17 MF Gabon Lévy Madinda
56%
16 FW Serbia Dejan Dražić
50%
23 MF Spain Josep Señé
28%
No matching quizzes found
Score Distribution
Percent of People with Each Score
Percentile by Number Answered
Your Score History
You have not taken this quiz